[Event "Ambelokipi op 73rd"]
[Site "Athens"]
[Date "2006.11.04"]
[Round "1"]
[White "Ntatsis, Georgios"]
[Black "Fahouri, Nidal"]
[Result "0-1"]
[WhiteElo "1989"]
[BlackElo "1559"]
[PlyCount "98"]
[EventDate "2006.11.04"]
[EventType "swiss"]
[EventRounds "7"]
[EventCountry "GRE"]
[SourceTitle "EXT 2008"]
[Source "ChessBase"]
[SourceDate "2007.11.25"]
[SourceVersion "1"]
[SourceVersionDate "2007.11.25"]
[SourceQuality "1"]

1. e4 e5 2. Nf3 Nc6 3. Bb5 a6 4. Ba4 Nf6 5. 0-0 Be7 6. Re1 b5 7. Bb3 d6 8. c3 0-0 9. h3 h6 10. d4 Re8 11. Nbd2 Bb7 12. Nf1 Bf8 13. Ng3 Na5 14. Bc2 g6 15. a4 Qd7 16. b3 Bg7 17. Bd2 c5 18. c4 b4 19. d5 Bc8 20. Qc1 Kh7 21. Re3 Qe7 22. Nh2 Rg8 23. Bd1 Bd7 24. Rd3 Raf8 25. Bg4 Nxg4 26. hxg4 f5 27. gxf5 gxf5 28. Nxf5 Bxf5 29. exf5 Rxf5 30. Rh3 Qf8 31. Qc2 Kh8 32. Bxh6 Bxh6 33. Rxh6+ Qxh6 34. Qxf5 Nxb3 35. Re1 Nd4 36. Qe4 Qg5 37. Re3 Rg7 38. Rg3 Qc1+ 39. Nf1 Qf4 40. Qxf4 exf4 41. Rd3 f3 42. Ng3 fxg2 43. Kxg2 b3 44. Rd1 Ne2 45. Kf3 Nc3 46. Rh1+ Rh7 47. Re1 Rf7+ 48. Kg4 b2 49. Nf5 b1Q 0-1

[Event "Nikaia op 14th"]
[Site "Nikaia"]
[Date "2006.08.??"]
[Round "5"]
[White "Ntatsis, Georgios"]
[Black "Gamback, Bjorn"]
[Result "1/2-1/2"]
[WhiteElo "1989"]
[BlackElo "2179"]
[PlyCount "253"]
[EventDate "2006.08.??"]
[EventType "swiss"]
[EventRounds "9"]
[EventCountry "GRE"]
[SourceTitle "EXT 2008"]
[Source "ChessBase"]
[SourceDate "2007.11.25"]
[SourceVersion "1"]
[SourceVersionDate "2007.11.25"]
[SourceQuality "1"]

1. e4 g6 2. d4 Bg7 3. Nc3 d6 4. Be3 a6 5. Qd2 b5 6. Bd3 Nd7 7. a4 b4 8. Nd1 c5 9. Nf3 Bb7 10. c3 bxc3 11. bxc3 Qc7 12. 0-0 Ngf6 13. e5 dxe5 14. dxe5 Nxe5 15. Nxe5 Qxe5 16. Bf4 Qd5 17. Ne3 Qc6 18. f3 0-0 19. Nc4 Rad8 20. Na5 Qd7 21. Nxb7 Qxb7 22. Qe2 Nd5 23. Bd2 Qb2 24. Rab1 Nxc3 25. Bxc3 Qxc3 26. Bxa6 Rd2 27. Qe4 Qd4+ 28. Qxd4 Rxd4 29. Bb5 Bh6 30. Rfe1 e6 31. Re2 Rfd8 32. g3 Bd2 33. Rb2 Kg7 34. Rc2 Bb4 35. f4 Kf6 36. Kf2 Rd1 37. Kg2 Ra1 38. g4 Rdd1 39. Kf3 Rf1+ 40. Rf2 g5 41. Bxf1 Rxa4 42. fxg5+ Kxg5 43. h3 f5 44. gxf5 exf5 45. Rg2+ Kf6 46. Ra2 Ba3 47. Rgc2 Kg5 48. h4+ Kxh4 49. Rc4+ Rxc4 50. Bxc4 Bc1 51. Rh2+ Kg5 52. Rxh7 f4 53. Rd7 Be3 54. Rd5+ Kg6 55. Kg4 Kf6 56. Rh5 Ke7 57. Rh6 Kd7 58. Rg6 Ke7 59. Kf5 Kd7 60. Ke4 Ke7 61. Ke5 Kd7 62. Bd5 Kc7 63. Rg7+ Kb6 64. Rb7+ Ka6 65. Rb1 Ka5 66. Bc6 c4 67. Ke4 c3 68. Kd3 Bd2 69. Bb7 Ka4 70. Kc4 Ka5 71. Rb5+ Ka4 72. Bc6 Ka3 73. Be4 f3 74. Rf5 Kb2 75. Rb5+ Ka3 76. Kd3 f2 77. Bg2 Ka4 78. Rb7 Ka5 79. Bf1 Ka6 80. Rb3 Ka5 81. Kc2 Ka4 82. Rb5 Be1 83. Bd3 Bd2 84. Rf5 Be1 85. Bc4 Ka3 86. Bd3 Kb4 87. Rb5+ Ka4 88. Rf5 Kb4 89. Rf4+ Kc5 90. Kb3 Kd5 91. Kc2 Ke5 92. Rf8 Kd4 93. Bf1 Ke3 94. Re8+ Kd4 95. Bg2 Bd2 96. Re4+ Kc5 97. Re8 Kd4 98. Rc8 Be1 99. Bf1 Bd2 100. Re8 Be1 101. Re2 Kc5 102. Re4 Bd2 103. Kd3 Kd5 104. Rg4 Kc5 105. Rh4 Be1 106. Rc4+ Kd5 107. Bg2+ Ke5 108. Ke3 Kf5 109. Bh3+ Ke5 110. Bf1 Kd5 111. Rc8 Ke5 112. Rc5+ Kd6 113. Kd4 Bd2 114. Rc4 Ke6 115. Bh3+ Kd6 116. Bg2 Ke6 117. Rc5 Be1 118. Rc8 Bd2 119. Bh3+ Kd6 120. Bg2 Be1 121. Rc6+ Kd7 122. Kd5 Ke7 123. Bh3 Kf7 124. Ke5 Kg7 125. Kf5 Kh7 126. Bf1 Kg7 127. Rc7+ 1/2-1/2

[Event "Nikaia op 14th"]
[Site "Nikaia"]
[Date "2006.08.??"]
[Round "3"]
[White "Ntatsis, Georgios"]
[Black "Seretakis, Nikolas"]
[Result "0-1"]
[WhiteElo "1989"]
[BlackElo "2225"]
[PlyCount "44"]
[EventDate "2006.08.??"]
[EventType "swiss"]
[EventRounds "9"]
[EventCountry "GRE"]
[SourceTitle "EXT 2008"]
[Source "ChessBase"]
[SourceDate "2007.11.25"]
[SourceVersion "1"]
[SourceVersionDate "2007.11.25"]
[SourceQuality "1"]

1. Nf3 Nf6 2. g3 e6 3. Bg2 d5 4. 0-0 b6 5. d3 Bb7 6. Nbd2 Nbd7 7. a4 a5 8. c3 Be7 9. Re1 0-0 10. e4 dxe4 11. dxe4 Nc5 12. e5 Ng4 13. Rf1 Ba6 14. Nd4 Nxe5 15. Re1 Ncd3 16. Re3 Rc8 17. Qe2 Bf6 18. f4 Nc5 19. Qd1 Nc4 20. Nxc4 Bxc4 21. b4 Nb3 22. Rb1 Nxd4 0-1

[Event "Ambelokipi op 70th"]
[Site "Athens"]
[Date "2006.05.13"]
[Round "3"]
[White "Ntatsis, Georgios"]
[Black "Koukoufikis, Alexandros"]
[Result "0-1"]
[WhiteElo "1994"]
[BlackElo "2268"]
[PlyCount "54"]
[EventDate "2006.05.06"]
[EventType "swiss"]
[EventRounds "7"]
[EventCountry "GRE"]
[SourceTitle "EXT 2007"]
[Source "ChessBase"]
[SourceDate "2006.11.23"]
[SourceVersion "1"]
[SourceVersionDate "2006.11.23"]
[SourceQuality "1"]

1. e4 g6 2. d4 Bg7 3. Nc3 c6 4. Be3 d6 5. Nf3 b5 6. Qd2 a6 7. Bd3 e5 8. dxe5 dxe5 9. a4 Bb7 10. 0-0 Qe7 11. Ne2 Nd7 12. c4 b4 13. Nc1 c5 14. Nb3 Ngf6 15. Na5 Nxe4 16. Bxe4 Bxe4 17. Ng5 Bf5 18. g4 Bxg4 19. Nc6 Qf6 20. Ne4 Qxc6 21. Nd6+ Ke7 22. f4 Qxd6 23. Qf2 f5 24. h3 Bh5 25. fxe5 Bxe5 26. Rae1 Kf7 27. Qc2 Bd4 0-1

[Event "Ambelokipi op 68th"]
[Site "Athens"]
[Date "2006.02.04"]
[Round "5"]
[White "Filippas, Sebastian"]
[Black "Ntatsis, Georgios"]
[Result "1-0"]
[WhiteElo "2060"]
[BlackElo "1994"]
[PlyCount "101"]
[EventDate "2006.01.29"]
[EventType "swiss"]
[EventRounds "6"]
[EventCountry "GRE"]
[SourceTitle "EXT 2007"]
[Source "ChessBase"]
[SourceDate "2006.11.23"]
[SourceVersion "1"]
[SourceVersionDate "2006.11.23"]
[SourceQuality "1"]

1. e4 c5 2. Nf3 d6 3. Bb5+ Bd7 4. Bxd7+ Qxd7 5. 0-0 Nc6 6. c3 Nf6 7. Re1 Qc7 8. d4 g6 9. Bf4 e5 10. Bg5 Bg7 11. Na3 a6 12. dxe5 dxe5 13. Bxf6 Bxf6 14. Nc4 0-0 15. Ne3 Ne7 16. Qe2 b5 17. a4 c4 18. Red1 Rfd8 19. axb5 axb5 20. Rxa8 Rxa8 21. Qd2 h6 22. Ng4 Bg7 23. Nxh6+ Kf8 24. h4 f6 25. Ng4 Qc6 26. Qd6 Qxd6 27. Rxd6 Ra1+ 28. Kh2 f5 29. exf5 gxf5 30. Ngxe5 Bxe5+ 31. Nxe5 Re1 32. Ng6+ Nxg6 33. Rxg6 Re2 34. Rf6+ Kg7 35. Rxf5 Rxb2 36. Kg3 Rb3 37. Kg4 Kh6 38. Kf4 b4 39. cxb4 c3 40. Rc5 Rxb4+ 41. Kg3 Rb3 42. Kg4 Rb4+ 43. f4 Rb2 44. g3 c2 45. Rc6+ Kh7 46. Kg5 Ra2 47. f5 Rb2 48. g4 Ra2 49. Rc7+ Kg8 50. Kg6 Kf8 51. f6 1-0

[Event "Ambelokipi op 68th"]
[Site "Athens"]
[Date "2006.01.28"]
[Round "3"]
[White "Tegelidis, Petros"]
[Black "Ntatsis, Georgios"]
[Result "1-0"]
[WhiteElo "2149"]
[BlackElo "1994"]
[PlyCount "107"]
[EventDate "2006.01.29"]
[EventType "swiss"]
[EventRounds "6"]
[EventCountry "GRE"]
[SourceTitle "EXT 2007"]
[Source "ChessBase"]
[SourceDate "2006.11.23"]
[SourceVersion "1"]
[SourceVersionDate "2006.11.23"]
[SourceQuality "1"]

1. d4 Nf6 2. c4 c5 3. d5 e6 4. Nc3 exd5 5. cxd5 d6 6. e4 g6 7. Be2 Bg7 8. Bf4 0-0 9. h3 a6 10. a4 Re8 11. Qc2 Nxe4 12. Nxe4 Bf5 13. f3 Nd7 14. Qd2 Bxe4 15. fxe4 Rxe4 16. Nf3 Qf6 17. Bg5 Qxb2 18. Qxb2 Bxb2 19. Ra2 Bc3+ 20. Kd1 Nb6 21. Bd3 Rxa4 22. Rxa4 Nxa4 23. Be7 c4 24. Bxc4 Bb4 25. Bb3 Nb6 26. Nd2 a5 27. Ne4 a4 28. Ba2 a3 29. Nxd6 Bxd6 30. Bxd6 Nxd5 31. Kc2 Ra6 32. Bxa3 Nb4+ 33. Kb3 Nxa2 34. Kxa2 g5 35. Rb1 b6 36. Rb5 h6 37. Kb3 Kg7 38. Bb2+ Kg6 39. g4 h5 40. Rf5 hxg4 41. hxg4 b5 42. Rxb5 f6 43. Rf5 Rb6+ 44. Kc3 Re6 45. Kd3 Ra6 46. Bd4 Kg7 47. Ke4 Kg6 48. Kd5 Kf7 49. Rf2 Kg6 50. Bc5 Ra4 51. Bd4 Ra6 52. Rf1 Kf7 53. Ra1 Rxa1 54. Bxa1 1-0